JR西日本乗降客数TOP50 - Statistics

General Stats
  • This quiz has been taken 31 times
  • The average score is 28 of 50
Answer Stats
順位 駅名 乗降客数(人) % Correct
12 神戸 50836
100%
2 京都 172040
100%
1 大阪 375503
100%
3 天王寺 133829
96%
13 姫路 49649
89%
8 新 大 阪 74350
85%
9 岡山 68050
85%
7 広島 75035
85%
11 高槻 58426
81%
16 尼崎 44626
81%
4 三ノ宮 119670
81%
5 京橋 116698
81%
25 草津 29535
78%
14 明石 47086
74%
20 西九条 33415
74%
10 新今宮 63114
70%
6 鶴橋 87824
70%
15 茨木 45519
67%
26 福島 28442
67%
19 弁天町 34858
63%
40 吹田 22962
63%
21 山科 33309
59%
24 西明石 30088
59%
32 大正 24126
59%
33 芦屋 24119
59%
41 宝塚 22579
59%
42 加古川 22541
56%
29 南草津 26858
52%
35 博多 23631
52%
23 元町 32065
48%
30 天満 25875
48%
43 王寺 21728
44%
36 森ノ宮 23415
41%
47 兵庫 20229
37%
49 千里丘 19806
37%
37 伊丹 23247
33%
48 福山 19823
33%
17 北新地 42429
30%
31 六甲道 25288
30%
45 新長田 20963
30%
46 岸辺 20590
30%
50 塚本 19573
30%
18 ユニバーサルシティ 35317
26%
22 住吉 32642
22%
39 立花 23027
22%
44 石山 21029
19%
27 垂水 28278
15%
28 住道 27812
15%
34 大阪天満宮 23971
15%
38 三国ケ丘 23148
15%
No matching quizzes found
Score Distribution
Percent of People with Each Score
Percentile by Number Answered
Your Score History
You have not taken this quiz